|
|
|
|
| LEADER |
00618cam a2200169 7i4500 |
| 001 |
0000002168 |
| 005 |
20090708090000.0 |
| 020 |
|
|
|a 0787958867 (pbk.)
|
| 090 |
0 |
0 |
|a JZ6045
|b .I53 2002
|
| 245 |
0 |
0 |
|a International negotiation :
|b analysis, approaches, issues
|c Victor A. Kremenyuk, editor.
|
| 250 |
|
|
|a 2nd ed.
|
| 260 |
|
|
|a San Francisco:
|b Jossey-Bass,
|c 2002.
|
| 300 |
|
|
|a xxix, 556 p.:
|b ill.;
|c 24 cm.
|
| 504 |
|
|
|a Includes bibliographical references and indexes
|
| 650 |
0 |
0 |
|a Diplomatic negotiations in international disputes
|
| 700 |
1 |
|
|a Kremenyuk, Victor A.
|
| 999 |
|
|
|a 0000011162
|b BOK
|c OPEN SHELF
|e 1st Floor, Bestari Jaya
|